000 00430nam a2200181Ia 4500
001 22383
003 IN-NITTTR
005 20251114233253.0
008 251113s9999||||xx |||||||||||||| ||eng||
040 _beng
040 _cIN-NITTTR
041 _aeng
082 _a624.183412 P11P
100 _aPandit, G. S.
245 0 _aPrestressed concrete. /
_cPandit, G. S., Gupta, S. P.
700 _a Gupta, S. P.
942 _2ddc
_cBK
999 _c25012
_d25012